000 00687nam a22002297a 4500
003 UA-OsUOA
001 85674
007 ta
008 20120709b un ||||| |||| 00| 0 ukr d
100 _aШапе Жан-Марі
090 _a070.1
_bШ23
942 _cBK
040 _aUA-OsUOA
_bukr
_cUA-OsUOA
_dUA-OsUOA
245 _aІнфографія у пресі
_bПосібник Центру підготовки та вдосконалення журналістів (CEPJ), Париж
300 _a95 с.
955 _a2
041 _aukr
080 _a070.1
260 _aК.
_c2004
650 7 _a070 Газети. Преса. Журналістика
_2UDC
999 _c371986
_d371986